000 00565nam a2200205Ia 4500
003 0100
008 130227s9999 xx 000 0 und d
020 _a8170865913
040 _cARRUPELIB
050 _aBX2230.5.L763 2010
100 _aLionel, S. Joseph
_912
245 _aNew missal same Mass
245 _bUnderstanding the English translation of the new Roman Missal
260 _aBangalore
260 _bAsian Trading Corporation
300 _axv
300 _b 152p 21cm
650 _bEschatology--History of doctrines
_913
942 _2lcc
_cMONOGRAPH
999 _c5772
_d5772